• 首页
  • 本馆介绍
  • 公告通知
  • 最新文献
  • 馆藏检索
  • 电子资源
  • 读者导购
  • 参考咨询
  • 我的图书馆
  • 登录
  • 详细信息显示
  • 放入我的书架
  • 预约/预借图书
  • 作者相关作品
  • 分类相关作品
  • 丛书相关作品
  • 出版社相关作品

书目信息

  • 表格格式
  • 工作单格式
  • 卡片格式
题名:
蛋白质生物化学与生物技术
    
 
作者: 沃尔什 , Walsh 著 ;王恒樑 , 谭天伟 , 苏国富 译
分册:  
出版信息: 北京   化学工业出版社  2006
页数: 321页
开本: 26cm
丛书名:
单 册:
中图分类: Q510.3
科图分类:
主题词: 蛋白质--生物化学--研究 , 蛋白质--生物技术--研究 , 蛋白质 , 生物化学 , 生物技术
电子资源:
ISBN: 7-5025-8149-9
000 01362nam0 2200325 450
001 012007774779
005 20070523094015.53
010    @a7-5025-8149-9@dCNY49.00
100    @a20070515d2006 km y0chiy0120 ea
101 1  @achi@ceng
102    @aCN@b110000
105    @aa z 001yy
106    @ar
200 1  @a蛋白质生物化学与生物技术@Adan bai zhi sheng wu hua xue yu sheng wu ji shu@f(爱尔兰)沃尔什(Walsh,G.)著@F(ai er lan)wo er shen(Walsh,G.)zhu@g王恒樑,谭天伟,苏国富等译@Gwang heng liang,tan tian wei,su guo fu deng yi
210    @a北京@c化学工业出版社@d2006
215    @a321页@c图@d26cm
330    @a本书原著是对以前出版的并广受赞誉的“Protein B.otechnology”一书的全面拓展和延伸,经国内相关专家翻译成中文。书中汇集了蛋白质研究人员所需的权威信息资源,既包括蛋白质的结构、折叠、稳定性纯化和鉴定等理论阐述,又详细探讨了蛋白质的工业化生产方法以及蛋白质在医药、分析技术和工业过程中的应用。
606 0  @a蛋白质@x生物化学@x研究
606 0  @a蛋白质@x生物技术@x研究
606 0  @a蛋白质
606 0  @a生物化学
606 0  @a生物技术
690    @aQ510.3@v4
701  1 @c(爱尔兰)@a沃尔什@Awo er shen@bG.@4著
701  1 @c(爱尔兰)@aWalsh@bGary@4著
702  0 @a王恒樑@Awang heng liang@4译
702  0 @a谭天伟@Atan tian wei@4译
702  0 @a苏国富@Asu guo fu@4译
801  0 @aCN@bRULIN@c20070523
905    @dQ510.3@e135@s8
    
    蛋白质生物化学与生物技术/(爱尔兰)沃尔什(Walsh,G.)著/王恒樑,谭天伟,苏国富等译.-北京:化学工业出版社,2006
    321页:图;26cm
    
    
    ISBN 7-5025-8149-9:CNY49.00
    本书原著是对以前出版的并广受赞誉的“Protein B.otechnology”一书的全面拓展和延伸,经国内相关专家翻译成中文。书中汇集了蛋白质研究人员所需的权威信息资源,既包括蛋白质的结构、折叠、稳定性纯化和鉴定等理论阐述,又详细探讨了蛋白质的工业化生产方法以及蛋白质在医药、分析技术和工业过程中的应用。
●
相关链接 在E读中查询图书 在五车中查询图书 在当当中查询图书 在豆瓣中查询图书


正题名:蛋白质生物化学与生物技术     索取号:Q510.3/135         预约/预借

序号 登录号 条形码 馆藏地/架位号 状态 备注
1 0577068   205770682   第二样本阅览室/ [索取号:Q510.3/135] 在馆    
2 0577069   205770691   第三借阅区/ [索取号:Q510.3/135] 在馆    
3 0577070   205770708   第三借阅区/ [索取号:Q510.3/135] 在馆    
4 0577071   205770717   第三借阅区/ [索取号:Q510.3/135] 在馆    
5 0577072   205770726   第三借阅区/ [索取号:Q510.3/135] 在馆    
6 0577073   205770735   第三借阅区/ [索取号:Q510.3/135] 在馆    
7 0577074   205770744   第三借阅区/ [索取号:Q510.3/135] 在馆    
8 0577075   205770753   第三借阅区/ [索取号:Q510.3/135] 在馆    
唐山师范学院图书馆 欢迎您!
大连网信软件有限公司© 版权所有